Распоряжение ГКО СССР № 5754 о выделении вагонов для перевозки леса и строительных материалов для восстановления г. Ленинграда

RUSMARC
00005661cbm0a2200349#x 450
0014715b035-5ad1-498f-9f2b-b6fc24872633
00520251112142644.0
100##$a20251112j19440429k###0rusy50 ca
1010#$arus
102##$aRU
105##$ay###z########
1220#$ad19440429##
2001#$aРаспоряжение ГКО СССР № 5754 о выделении вагонов для перевозки леса и строительных материалов для восстановления г. Ленинграда
$j29 апреля 1944 г.
251##$cДокумент
300##$aРассылочный и подлинный экземпляры
461#0$12001
$aФ. 644
$1251
$cФонд
$1852
$j644
462#0$12001
$aОп. 1
$1251
$cОпись
$1852
$j1
60101$2nlr_sh
$3RU\NLR\AUTH\6601614128
$aСССР
$bГосударственный Комитет Обороны
$xИстория
$z1941 - 1945
$jДокументы и материалы
605##$2prlib_sh
$3LIBNET\UAF\0000088514
$aВторая мировая война в архивных документах (Комплекс оцифрованных архивных документов, кино- и фотоматериалов)
$lколлекция
605##$2acquisition_Prlib
$3DITM\AF\0000002775
$aВласть
$lколлекция
6061#$2prlib_sh
$3LIBNET\UAF\0000110287
$aВеликая Отечественная война
$z1941 - 1945
$xТыл(воен.)
$yЛенинград, город
$jДокументы и материалы
6061#$2nlr_sh
$3RU\NLR\AUTH\66199215
$aЖелезные дороги
$xИстория
$yСССР
$jДокументы и материалы
6061#$2nlr_sh
$3RU\NLR\AUTH\66170761
$aВагонооборот
$jДокументы и материалы
607##$2prlib_sh
$3DITM\AF\0000002767
$aЛенинград, город
$xВосстановление
$z1943 -1948
$jДокументы и материалы
686##$a63.3(2-2СПб)622-2ю1
$vLBC/M
$2rubbk
686##$a65.03(2-2СПб)622ю1
$vLBC/M
$2rubbk
686##$a65.372-03ю1
$vLBC/M
$2rubbk
801#0$aRU
$bПБ им. Б.Н. Ельцина
$c20251112
801#1$aRU
$bПБ им. Б.Н. Ельцина
$c20251112
$2rusmarc
801#2$aRU
$bПБ им. Б.Н. Ельцина
$c20251112
$2rusmarc
850##$aРоссийский государственный архив социально-политической истории
852##$aРГАСПИ
$jД. 246. Л. 169-169об.; Оп. 2. Д. 327. Л. 4-4об.
035##$aLIBNET\0001511422
937##$d198218860
$hФедеральное архивное агентство
8564#$uhttp://readingroom.main.prlib.ru/item.aspx?id_node=n198218860&mode=full
Формат отображения